Statistics for Periodic Table - 1-30

Click here to take the quiz!

General Stats

  • This quiz has been taken 45 times
  • The average score is 26 of 30

Answer Stats

HintAnswer% Correct
4. BeBeryllium
100%
6. CCarbon
100%
2. HeHelium
100%
1. HHydrogen
100%
3. LILithium
100%
7. NNitrogen
100%
8. OOxygen
100%
13. AlAluminium
95%
18. ArArgon
95%
10. NeNeon
95%
5. BBoron
91%
12. MgMagnesium
91%
15. PPhosphorus
91%
22. TiTitanium
91%
20. CaCalcium
86%
17. ClChlorine
86%
26. FeIron
86%
19. KPotassium
86%
14. SiSilicon
86%
11. NaSodium
86%
16. SSulfur
86%
27. CoCobalt
82%
29. CuCopper
77%
9. FFluorine
77%
28. NiNickel
77%
21. ScScandium
77%
30. ZiZinc
77%
25. MnManganese
68%
24. CrChromium
59%
23. VVanadium
59%

Score Distribution

Percentile by Number Answered

Percent of People with Each Score

Your Score History

You have not taken this quiz